[Event "North American op 33rd"]
[Site "Las Vegas"]
[Date "2023.12.27"]
[Round "4"]
[White "Mikaelyan, Arman"]
[Black "Bachin, Vitaly"]
[Result "1-0"]
[WhiteElo "2519"]
[BlackElo "2296"]
[PlyCount "55"]
[EventDate "2023.12.26"]
[EventType "swiss"]
[EventRounds "9"]
[EventCountry "USA"]
[SourceTitle "CB01_2024"]
[SourceDate "2024.01.03"]
[SourceVersion "1"]
[SourceVersionDate "2024.01.03"]
[SourceQuality "1"]

1. d4 d6 2. Nf3 Bg4 3. e4 Nf6 4. h3 Bxf3 5. Qxf3 c6 6. e5 Nfd7 7. exd6 e6 8. Bd3 Nf6 9. 0-0 Bxd6 10. Nd2 Nbd7 11. Nc4 Bc7 12. b3 Nb6 13. Nxb6 axb6 14. Bb2 h5 15. Rfe1 Qd6 16. c4 Qh2+ 17. Kf1 0-0-0 18. Ke2 Nh7 19. g3 Ng5 20. Qe3 Nxh3 21. Rh1 Qxf2+ 22. Qxf2 Nxf2 23. Kxf2 c5 24. d5 exd5 25. Bxg7 Rhg8 26. Bf6 Bxg3+ 27. Kf3 Rd6 28. Be7 1-0

[Event "Sochi Amateur op 6th"]
[Site "Sochi"]
[Date "2019.04.10"]
[Round "5"]
[White "Bachin, Vitaly"]
[Black "Solovyev, Artem"]
[Result "0-1"]
[WhiteElo "2406"]
[BlackElo "2155"]
[PlyCount "64"]
[EventDate "2019.04.07"]
[EventType "swiss"]
[EventRounds "9"]
[EventCountry "RUS"]
[SourceTitle "CBM 189 Extra"]
[Source "ChessBase"]
[SourceDate "2019.06.03"]
[SourceVersion "1"]
[SourceVersionDate "2019.06.03"]
[SourceQuality "1"]

1. e4 c5 2. Nc3 Nc6 3. g3 g6 4. Bg2 Bg7 5. d3 d6 6. Be3 e6 7. Qd2 Rb8 8. f4 Nge7 9. Nf3 Nd4 10. 0-0 0-0 11. h3 b5 12. g4 b4 13. Nd1 f5 14. exf5 exf5 15. Bxd4 cxd4 16. Nf2 fxg4 17. hxg4 Nd5 18. Nxd4 Nxf4 19. Nc6 Qg5 20. Rad1 Bb7 21. d4 Rbe8 22. Qxb4 Ne2+ 23. Kh2 Rxf2 24. Qb3+ Kh8 25. Rxf2 Qh4+ 26. Qh3 Qxf2 27. Rf1 Qe3 28. Qxe3 Rxe3 29. c3 Bh6 30. Rf7 Bf4+ 31. Kh1 Bxc6 32. Bxc6 Rg3 0-1

[Event "Sochi Amateur op 6th"]
[Site "Sochi"]
[Date "2019.04.10"]
[Round "6"]
[White "Bezgodova, Svetlana"]
[Black "Bachin, Vitaly"]
[Result "0-1"]
[WhiteElo "2046"]
[BlackElo "2406"]
[PlyCount "66"]
[EventDate "2019.04.07"]
[EventType "swiss"]
[EventRounds "9"]
[EventCountry "RUS"]
[SourceTitle "CBM 189 Extra"]
[Source "ChessBase"]
[SourceDate "2019.06.03"]
[SourceVersion "1"]
[SourceVersionDate "2019.06.03"]
[SourceQuality "1"]

1. Nf3 d6 2. d4 Bg4 3. e3 Nd7 4. Be2 Ngf6 5. 0-0 e5 6. b3 c6 7. Bb2 e4 8. Nfd2 h5 9. c4 d5 10. Nc3 Bd6 11. cxd5 cxd5 12. Nb5 Bb8 13. Ba3 Nf8 14. Rc1 a6 15. Nc3 Ne6 16. f3 Qc7 17. f4 Qd8 18. Na4 g5 19. fxg5 Nxg5 20. Rxf6 Qxf6 21. Bxg4 Bxh2+ 22. Kxh2 hxg4+ 23. Kg1 g3 24. Qe1 Nh3+ 25. gxh3 Rxh3 26. Nxe4 dxe4 27. Rc7 Rh1+ 28. Kxh1 Qh4+ 29. Kg1 Qh2+ 30. Kf1 g2+ 31. Ke2 g1Q+ 32. Kd1 Qxe1+ 33. Kxe1 Qxc7 0-1

[Event "Sochi Amateur op 6th"]
[Site "Sochi"]
[Date "2019.04.09"]
[Round "4"]
[White "Saratovskiy, Dmitiy"]
[Black "Bachin, Vitaly"]
[Result "0-1"]
[WhiteElo "2017"]
[BlackElo "2406"]
[PlyCount "88"]
[EventDate "2019.04.07"]
[EventType "swiss"]
[EventRounds "9"]
[EventCountry "RUS"]
[SourceTitle "CBM 189 Extra"]
[Source "ChessBase"]
[SourceDate "2019.06.03"]
[SourceVersion "1"]
[SourceVersionDate "2019.06.03"]
[SourceQuality "1"]

1. d4 d6 2. c4 e5 3. Nf3 e4 4. Ng5 f5 5. Nc3 c6 6. g3 Nf6 7. Bg2 h6 8. Nh3 Be6 9. d5 Bf7 10. 0-0 Nbd7 11. f3 exf3 12. exf3 Be7 13. Bf4 cxd5 14. cxd5 Nb6 15. Qd3 Qd7 16. Bd2 Nfxd5 17. Rfe1 0-0 18. Nxd5 Nxd5 19. f4 Nf6 20. Bb4 Rfe8 21. Rad1 a5 22. Bc3 Bxa2 23. Ra1 Bf7 24. Rxa5 Rxa5 25. Bxa5 d5 26. Nf2 Bc5 27. Rxe8+ Qxe8 28. Kf1 Qa4 29. Be1 Ne4 30. Bf3 Bxf2 31. Bxf2 Qa1+ 32. Be1 Qxb2 33. Bxe4 fxe4 34. Qc3 Qxh2 35. Qc8+ Kh7 36. Qf5+ Bg6 37. Qe5 Qh1+ 38. Ke2 Qf3+ 39. Kd2 Qd3+ 40. Kc1 e3 41. Kb2 Qb1+ 42. Ka3 Qc1+ 43. Ka4 Bc2+ 44. Kb5 Qxe1 0-1

[Event "Sochi Amateur op 6th"]
[Site "Sochi"]
[Date "2019.04.08"]
[Round "2"]
[White "Bachin, Vitaly"]
[Black "Zelenskaya, Anastasiya"]
[Result "1-0"]
[WhiteElo "2406"]
[BlackElo "1813"]
[PlyCount "77"]
[EventDate "2019.04.07"]
[EventType "swiss"]
[EventRounds "9"]
[EventCountry "RUS"]
[SourceTitle "CBM 189 Extra"]
[Source "ChessBase"]
[SourceDate "2019.06.03"]
[SourceVersion "1"]
[SourceVersionDate "2019.06.03"]
[SourceQuality "1"]

1. e4 c6 2. d4 d5 3. e5 Bf5 4. Nf3 Qb6 5. Be2 c5 6. dxc5 Qxc5 7. Be3 Qxc2 8. Bb5+ Nc6 9. Qxc2 Bxc2 10. Nd4 Bxb1 11. Nxc6 Bf5 12. Nxa7+ Bd7 13. Rc1 e6 14. Bxd7+ Kxd7 15. Bb6 Ne7 16. Rc7+ Ke8 17. Rxb7 Nc8 18. Nb5 Rxa2 19. 0-0 Nxb6 20. Rxb6 Kd7 21. Rb8 Ra4 22. b3 Ra6 23. Rc1 Rc6 24. Ra1 Rc8 25. Ra7+ Kd8 26. Rxc8+ Kxc8 27. Rxf7 g6 28. g3 Kd8 29. Nd4 Ke8 30. Rc7 h5 31. Nxe6 Rh6 32. Ra7 Be7 33. Nc7+ Kd8 34. Nxd5 Bc5 35. Rc7 Ba3 36. e6 g5 37. e7+ Bxe7 38. Rxe7 Rd6 39. Re5 1-0

[Event "St Petersburg rapid"]
[Site "St Petersburg"]
[Date "2018.08.25"]
[Round "3"]
[White "Bachin, Vitaly"]
[Black "Chigaev, Maksim"]
[Result "0-1"]
[WhiteElo "2406"]
[BlackElo "2577"]
[PlyCount "82"]
[EventDate "2018.08.25"]
[EventType "swiss (rapid)"]
[EventRounds "11"]
[EventCountry "RUS"]
[SourceTitle "CBM 186 Extra"]
[Source "ChessBase"]
[SourceDate "2018.08.24"]
[SourceVersion "1"]
[SourceVersionDate "2018.08.24"]
[SourceQuality "1"]

1. e4 c5 2. Nc3 Nc6 3. g3 g6 4. Bg2 Bg7 5. d3 d6 6. Be3 Rb8 7. Qd2 b5 8. f4 b4 9. Nd1 e6 10. Nf3 Nge7 11. d4 cxd4 12. Nxd4 Na5 13. Qd3 0-0 14. Nb3 Nac6 15. 0-0 a5 16. Rf2 a4 17. Nd4 Nxd4 18. Bxd4 e5 19. Be3 exf4 20. gxf4 f5 21. a3 fxe4 22. Bxe4 d5 23. Rd2 b3 24. c4 d4 25. Bxd4 Bxd4+ 26. Qxd4 Qxd4+ 27. Rxd4 Rxf4 28. Rd8+ Kg7 29. Nc3 Rb6 30. Rf1 Rg4+ 31. Kh1 Rxe4 32. Nxe4 Bb7 33. Re1 Re6 34. Rd4 Bc6 35. c5 Nf5 36. Rb4 Nh4 37. Re3 Nf3 38. Rxf3 Rxe4 39. Kg2 Rxb4 40. axb4 a3 41. b5 Bxf3+ 0-1

[Event "St Petersburg Korchnoi Memorial op"]
[Site "St Petersburg"]
[Date "2018.08.20"]
[Round "6"]
[White "Postnikov, Artem"]
[Black "Bachin, Vitaly"]
[Result "1/2-1/2"]
[WhiteElo "2124"]
[BlackElo "2406"]
[PlyCount "114"]
[EventDate "2018.08.15"]
[EventType "swiss"]
[EventRounds "9"]
[EventCountry "RUS"]
[SourceTitle "CBM 186 Extra"]
[Source "ChessBase"]
[SourceDate "2018.08.24"]
[SourceVersion "1"]
[SourceVersionDate "2018.08.24"]
[SourceQuality "1"]

1. e4 d6 2. d4 Nf6 3. Nc3 c6 4. f4 Qa5 5. Bd3 e5 6. Nf3 Bg4 7. Be3 Qb4 8. dxe5 dxe5 9. fxe5 Nfd7 10. Qc1 Bxf3 11. gxf3 Nxe5 12. Be2 Bc5 13. a3 Bxe3 14. axb4 Bxc1 15. Rxc1 Nbd7 16. h4 a6 17. Kf2 f6 18. f4 Nf7 19. Rhg1 g6 20. Rcd1 Ke7 21. Na4 Rhd8 22. Rd3 Nf8 23. Nc5 Rxd3 24. cxd3 Ne6 25. Ke3 b6 26. Nb3 c5 27. bxc5 bxc5 28. f5 gxf5 29. exf5 Nd4 30. Nxd4 cxd4+ 31. Kxd4 Rb8 32. Bh5 Rb4+ 33. Kd5 Rxh4 34. Bxf7 Kxf7 35. Rc1 Rb4 36. Rc7+ Kg8 37. d4 h5 38. Ke6 Rxd4 39. Kxf6 Rb4 40. Kg6 Rg4+ 41. Kxh5 Rg2 42. Rb7 a5 43. b3 Kf8 44. Rb5 Kf7 45. Rxa5 Kf6 46. Kh4 Rg1 47. Rb5 Rg2 48. b4 Rg1 49. Rc5 Rg2 50. b5 Rg1 51. Kh3 Kg5 52. Kh2 Rg4 53. Rd5 Kf6 54. Kh3 Rg1 55. Rc5 Kg5 56. Kh2 Rg4 57. Rc8 Kxf5 1/2-1/2

[Event "St Petersburg Korchnoi Memorial op"]
[Site "St Petersburg"]
[Date "2018.08.16"]
[Round "2"]
[White "Bachin, Vitaly"]
[Black "Volkov, Roman"]
[Result "1-0"]
[WhiteElo "2406"]
[BlackElo "2123"]
[PlyCount "127"]
[EventDate "2018.08.15"]
[EventType "swiss"]
[EventRounds "9"]
[EventCountry "RUS"]
[SourceTitle "CBM 186 Extra"]
[Source "ChessBase"]
[SourceDate "2018.08.24"]
[SourceVersion "1"]
[SourceVersionDate "2018.08.24"]
[SourceQuality "1"]

1. e4 c6 2. d4 d5 3. Nc3 dxe4 4. Nxe4 Bf5 5. Nc5 e5 6. Nxb7 Qb6 7. Nc5 exd4 8. Nb3 Bb4+ 9. Bd2 Nf6 10. Bd3 Bxd3 11. cxd3 0-0 12. Ne2 c5 13. Bxb4 Qxb4+ 14. Qd2 Qb6 15. 0-0 Nbd7 16. Rfc1 Rfe8 17. Ng3 a5 18. Qc2 Rac8 19. Nd2 Ne5 20. b3 Nd5 21. Nc4 Nxc4 22. Qxc4 Nc3 23. Re1 Qg6 24. f3 h6 25. Ne4 Red8 26. Nxc3 dxc3 27. Re4 Qf6 28. Rae1 Rc7 29. Re5 Qd6 30. Qxc3 Qxd3 31. Qxa5 Rcc8 32. R5e3 Qd4 33. Qc3 Qxc3 34. Rxc3 Rd2 35. a4 Rb2 36. Rec1 Rb8 37. Rxc5 R8xb3 38. h4 Ra3 39. R1c4 g6 40. h5 Raa2 41. Rg4 Rb1+ 42. Kh2 g5 43. Rc7 Rd1 44. Ra7 Kg7 45. Kg3 Rd3 46. Kh3 Rd1 47. Kh2 Rd3 48. f4 Rd4 49. Kh3 Ra3+ 50. Rg3 Rxg3+ 51. Kxg3 Rxf4 52. a5 Rh4 53. a6 Rxh5 54. Rxf7+ Kxf7 55. a7 Rh4 56. a8Q Rf4 57. Qh8 Rh4 58. Qh7+ Kf6 59. Kf2 Rf4+ 60. Kg1 Rh4 61. g3 Rh3 62. Qd3 g4 63. Qd4+ Kf7 64. Qxg4 1-0

[Event "St Petersburg Korchnoi Memorial op"]
[Site "St Petersburg"]
[Date "2018.08.15"]
[Round "1"]
[White "Voskresenskaya, Marta"]
[Black "Bachin, Vitaly"]
[Result "0-1"]
[WhiteElo "1963"]
[BlackElo "2406"]
[PlyCount "120"]
[EventDate "2018.08.15"]
[EventType "swiss"]
[EventRounds "9"]
[EventCountry "RUS"]
[SourceTitle "CBM 186 Extra"]
[Source "ChessBase"]
[SourceDate "2018.08.24"]
[SourceVersion "1"]
[SourceVersionDate "2018.08.24"]
[SourceQuality "1"]

1. d4 d6 2. Nf3 Bg4 3. c4 Nd7 4. Nc3 g6 5. e4 Bg7 6. Be2 c5 7. d5 Bxc3+ 8. bxc3 Ngf6 9. Nd2 Bxe2 10. Qxe2 e5 11. 0-0 Qe7 12. Rb1 b6 13. Nb3 h6 14. Bd2 Kf8 15. Rbe1 Kg7 16. Nc1 Rae8 17. Nd3 Rhf8 18. Qd1 Ng8 19. f4 exf4 20. Bxf4 f6 21. Bg3 g5 22. Nf2 Ne5 23. Bxe5 fxe5 24. Ng4 Qd8 25. Ne3 Ne7 26. h4 gxh4 27. Qg4+ Kh7 28. Qxh4 Ng6 29. Qxd8 Rxd8 30. Rxf8 Rxf8 31. Nf5 Nf4 32. g3 Nh5 33. Kg2 Rf6 34. Rh1 Ng7 35. Ne3 Rf8 36. Ng4 h5 37. Ne3 Kg6 38. a4 Ne8 39. Nf5 Nf6 40. Nxd6 Rd8 41. Nb5 Nxe4 42. Re1 Kf5 43. Re3 Nd2 44. Na3 Rg8 45. Rd3 Ne4 46. Kh2 Nd6 47. Nb5 Nxc4 48. Nxa7 e4 49. Rd1 Ne3 50. Re1 Nxd5 51. Nc6 Re8 52. c4 Nf6 53. Kg2 Ke6 54. Rd1 Rc8 55. Nd8+ Ke7 56. Nb7 Ra8 57. a5 bxa5 58. Nxc5 Rc8 59. Nb7 a4 60. c5 Rc7 0-1

[Event "RUS-chT 19th"]
[Site "Sochi"]
[Date "2012.04.11"]
[Round "3"]
[White "Smirnov, Artem"]
[Black "Bachin, Vitaly"]
[Result "1/2-1/2"]
[WhiteElo "2436"]
[BlackElo "2454"]
[PlyCount "120"]
[EventDate "2012.04.09"]
[EventType "team-swiss"]
[EventRounds "7"]
[EventCountry "RUS"]
[SourceTitle "CBM 148"]
[Source "ChessBase"]
[SourceDate "2012.05.16"]
[SourceVersion "1"]
[SourceVersionDate "2012.05.16"]
[SourceQuality "1"]
[WhiteTeam "St Petersburg Chigorin CC"]
[BlackTeam "Vladivostok"]
[WhiteTeamCountry "RUS"]
[BlackTeamCountry "RUS"]

1. d4 d6 2. Nf3 Bg4 3. c4 Nd7 4. Nc3 Ngf6 5. g3 Bxf3 6. exf3 c6 7. d5 g6 8. dxc6 bxc6 9. f4 e6 10. Bg2 d5 11. 0-0 Bc5 12. b3 0-0 13. Bb2 Qe7 14. a3 Nb6 15. Ne2 a5 16. Qc2 Nfd7 17. Rfe1 Rfe8 18. Nc1 Bd6 19. Nd3 a4 20. Qc3 f6 21. Bh3 e5 22. fxe5 fxe5 23. cxd5 cxd5 24. bxa4 Nc4 25. Bg2 Qf7 26. Nb4 Bxb4 27. axb4 Nxb2 28. Qxb2 e4 29. Qd4 Ne5 30. Red1 Rad8 31. a5 Qf5 32. a6 Nf3+ 33. Bxf3 exf3 34. Qf4 Qh5 35. Qh4 Qe5 36. Qf4 Qh5 37. Qh4 Qe5 38. a7 Ra8 39. Qd4 Qxd4 40. Rxd4 Rxa7 41. Rad1 Rae7 42. Kf1 Re2 43. Rf4 Rb2 44. Rxf3 Rxb4 45. Rxd5 Rf8 46. Rxf8+ Kxf8 47. Rd7 h5 48. h3 Ra4 49. Kg2 Ra3 50. g4 hxg4 51. hxg4 Rb3 52. f3 Rb4 53. Kg3 Ra4 54. Kh4 Ra5 55. f4 Rb5 56. Ra7 Rc5 57. Ra6 Kf7 58. Ra7+ Kf8 59. g5 Rc3 60. Kg4 Rb3 1/2-1/2

[Event "RUS-chT2 17th"]
[Site "Dagomys"]
[Date "2010.04.07"]
[Round "6"]
[White "Bachin, Vitaly"]
[Black "Grishchenko, Sergey"]
[Result "0-1"]
[WhiteElo "2485"]
[BlackElo "2464"]
[PlyCount "52"]
[EventDate "2010.04.01"]
[EventType "team-tourn"]
[EventRounds "7"]
[EventCountry "RUS"]
[SourceTitle "CBM 135 Extra"]
[Source "ChessBase"]
[SourceDate "2010.05.04"]
[SourceVersion "1"]
[SourceVersionDate "2010.05.04"]
[SourceQuality "1"]

1. e4 c6 2. d4 d5 3. e5 c5 4. dxc5 e6 5. Be3 Ne7 6. f4 Nd7 7. b4 a5 8. c3 axb4 9. cxb4 b6 10. Bb5 Nf5 11. Qd3 Nxe3 12. Qxe3 bxc5 13. bxc5 Ba6 14. Bxa6 Rxa6 15. Nf3 Bxc5 16. Qd3 Ra4 17. Nbd2 Rxf4 18. a4 Qa5 19. Qb5 Qc3 20. Ke2 Rb4 21. Qc6 Qe3+ 22. Kd1 Ke7 23. Re1 Qd3 24. Rc1 Rhb8 25. Rxc5 Nxc5 26. Qxc5+ Ke8 0-1

[Event "RUS-chT2 17th"]
[Site "Dagomys"]
[Date "2010.04.05"]
[Round "4"]
[White "Bachin, Vitaly"]
[Black "Kokarev, Dmitry"]
[Result "0-1"]
[WhiteElo "2485"]
[BlackElo "2622"]
[PlyCount "140"]
[EventDate "2010.04.01"]
[EventType "team-tourn"]
[EventRounds "7"]
[EventCountry "RUS"]
[SourceTitle "CBM 135 Extra"]
[Source "ChessBase"]
[SourceDate "2010.05.04"]
[SourceVersion "1"]
[SourceVersionDate "2010.05.04"]
[SourceQuality "1"]

1. e4 c5 2. Nc3 Nc6 3. g3 g6 4. Bg2 Bg7 5. d3 d6 6. f4 e5 7. Nf3 Nge7 8. Be3 Nd4 9. Qd2 0-0 10. 0-0 exf4 11. Bxf4 Nxf3+ 12. Rxf3 Qb6 13. Rb1 Be6 14. Bg5 Nc6 15. Nd5 Bxd5 16. exd5 Ne5 17. Rff1 f5 18. Kh1 Rfe8 19. a3 Rac8 20. b3 Qc7 21. Rbe1 Qd7 22. Bf4 b6 23. Re2 Nf7 24. Rfe1 Rxe2 25. Rxe2 Re8 26. Rxe8+ Qxe8 27. Qe3 Be5 28. Qe2 Qe7 29. Bd2 Qf6 30. Bf3 Kg7 31. Qe1 h5 32. Kg2 Kf8 33. a4 Qh8 34. Bd1 Kg7 35. Qf2 Qh7 36. Be2 Qh8 37. Bd1 Kg8 38. Qe1 Qh7 39. Qf2 Qg7 40. Qe1 Qf6 41. Bf3 Kg7 42. Bd1 Ng5 43. Bxg5 Qxg5 44. Bf3 h4 45. Kh3 hxg3 46. hxg3 Qh6+ 47. Kg2 g5 48. Qe3 g4 49. Qxh6+ Kxh6 50. Be2 Bd4 51. Bd1 Kg5 52. Kf1 Kf6 53. c4 Ke5 54. Ke1 Be3 55. Ke2 Kd4 56. Bc2 Bg5 57. Bb1 Bf6 58. Kf1 Be5 59. Kg2 a6 60. Bc2 a5 61. Bb1 Kc3 62. d4 cxd4 63. Bxf5 Kxb3 64. Bxg4 Kxa4 65. Kf3 Kb3 66. Ke4 Kxc4 67. Be2+ Kc3 68. Bb5 Bxg3 69. Kf3 Be5 70. Ke2 Kb3 0-1

[Event "RUS-chT2"]
[Site "Sochi"]
[Date "2008.04.11"]
[Round "9"]
[White "Bachin, Vitaly"]
[Black "Sjugirov, Sanan"]
[Result "1/2-1/2"]
[WhiteElo "2488"]
[BlackElo "2491"]
[PlyCount "53"]
[EventDate "2008.04.03"]
[EventType "team"]
[EventRounds "9"]
[EventCountry "RUS"]
[SourceTitle "CBM 123 Extra"]
[Source "ChessBase"]
[SourceDate "2008.05.06"]
[SourceVersion "1"]
[SourceVersionDate "2008.05.06"]
[SourceQuality "1"]

1. e4 c5 2. Nc3 d6 3. g3 g6 4. Bg2 Bg7 5. d3 Nc6 6. Be3 e5 7. Qd2 Nge7 8. Bh6 Bxh6 9. Qxh6 Nd4 10. Qd2 0-0 11. f4 Be6 12. Nf3 Nxf3+ 13. Bxf3 Nc6 14. h4 Nd4 15. Be2 b5 16. h5 b4 17. Nd1 exf4 18. gxf4 f5 19. hxg6 hxg6 20. Ne3 fxe4 21. f5 Qg5 22. dxe4 Qg3+ 23. Kd1 Nf3 24. Nf1 Qf2 25. Rh8+ Kxh8 26. Qh6+ Kg8 27. Qxg6+ 1/2-1/2

[Event "RUS-chT2"]
[Site "Sochi"]
[Date "2007.05.05"]
[Round "3"]
[White "Meshkov, Yuri A"]
[Black "Bachin, Vitaly"]
[Result "0-1"]
[WhiteElo "2389"]
[BlackElo "2489"]
[PlyCount "68"]
[EventDate "2007.05.03"]
[EventType "team"]
[EventRounds "9"]
[EventCountry "RUS"]
[SourceTitle "CBM 118 Extra"]
[Source "ChessBase"]
[SourceDate "2007.07.04"]
[SourceVersion "1"]
[SourceVersionDate "2007.07.04"]
[SourceQuality "1"]

1. c4 c5 2. g3 g6 3. Bg2 Bg7 4. Nc3 Nc6 5. a3 a5 6. e3 e5 7. Nge2 Nge7 8. 0-0 0-0 9. f4 d6 10. Rb1 Be6 11. Nd5 Rb8 12. Nec3 exf4 13. gxf4 Nf5 14. d3 Nh4 15. Be4 Bh3 16. Rf2 f5 17. Bh1 g5 18. Ne2 Kh8 19. Ng3 Ne7 20. fxg5 Bg4 21. Qf1 Nxd5 22. Bxd5 Qxg5 23. Bd2 b5 24. b3 b4 25. axb4 axb4 26. Kh1 Rbe8 27. Re1 Bc3 28. Ne4 Qg7 29. Nxc3 bxc3 30. Bc1 Rb8 31. d4 Rxb3 32. Qd3 Rg8 33. Qc2 Rbb8 34. Qxc3 Bf3+ 0-1

[Event "RUS-chT2 13th"]
[Site "Sochi"]
[Date "2006.04.26"]
[Round "7"]
[White "Bachin, Vitaly"]
[Black "Gutov, Andrey"]
[Result "0-1"]
[WhiteElo "2490"]
[BlackElo "2417"]
[PlyCount "192"]
[EventDate "2006.04.20"]
[EventType "team"]
[EventRounds "11"]
[EventCountry "RUS"]
[SourceTitle "EXT 2007"]
[Source "ChessBase"]
[SourceDate "2006.11.23"]
[SourceVersion "1"]
[SourceVersionDate "2006.11.23"]
[SourceQuality "1"]

1. e4 e5 2. Nf3 Nc6 3. Nc3 Nf6 4. d4 exd4 5. Nxd4 Bb4 6. Nxc6 bxc6 7. Bd3 d5 8. exd5 cxd5 9. 0-0 0-0 10. Bg5 c6 11. Na4 h6 12. Bh4 Re8 13. c4 Bd6 14. cxd5 cxd5 15. Rc1 Bf4 16. Rc5 Bd7 17. Nc3 Qb6 18. Rxd5 Nxd5 19. Nxd5 Qd6 20. Bb1 Be6 21. Nxf4 Qxf4 22. Bg3 Qc4 23. b3 Qc3 24. Bf4 Rad8 25. Qc1 Qxc1 26. Rxc1 Rc8 27. Rd1 Red8 28. Re1 a5 29. Be3 Rd6 30. h3 Rcd8 31. Bc2 f5 32. Kh2 Kf7 33. h4 Kf6 34. a3 Rc6 35. Re2 Rb8 36. Bd4+ Kf7 37. h5 Rbc8 38. Bb1 Rc1 39. Rb2 Rd8 40. Be3 Rc3 41. Bc2 Kf6 42. b4 Rxa3 43. bxa5 Rd5 44. Bb6 f4 45. f3 Rd2 46. Bg6 Rxb2 47. Bd4+ Kg5 48. Bxb2 Rxa5 49. Bxg7 Bf5 50. Bc3 Ra8 51. Be5 Rg8 52. Bf7 Rf8 53. Bd5 Rd8 54. Bf7 Rd7 55. Bc4 Bd3 56. Bg8 Bb5 57. Bb3 Rd2 58. Kg1 Be8 59. Bg8 Bxh5 60. Bh7 Rd5 61. Bb8 Rd1+ 62. Kh2 Bf7 63. Be4 h5 64. Bc7 Be6 65. Ba5 h4 66. Bb4 Rd7 67. Ba5 Kh5 68. Bc3 Bc4 69. Be5 Kg5 70. Bc3 Bf1 71. Bb4 Ra7 72. Bd5 Rg7 73. Be6 Rb7 74. Ba5 Rb8 75. Bc7 Re8 76. Bd7 Rh8 77. Bg4 Bd3 78. Bd6 Rh7 79. Bb8 Bf5 80. Bxf5 Kxf5 81. Kh3 Rg7 82. Bd6 Rg3+ 83. Kh2 h3 84. gxh3 Rxf3 85. Bc5 Rg3 86. Bb6 Rg6 87. Bc5 Ke4 88. h4 Kf3 89. Kh3 Rg3+ 90. Kh2 Rg2+ 91. Kh3 Rg3+ 92. Kh2 Kg4 93. Bf2 Rd3 94. Kg2 Rd2 95. Kg1 Kf3 96. Bc5 Kg3 0-1

[Event "RUS-chT2 13th"]
[Site "Sochi"]
[Date "2006.04.23"]
[Round "4"]
[White "Bachin, Vitaly"]
[Black "Ivanov, Alexander Al"]
[Result "1-0"]
[WhiteElo "2490"]
[BlackElo "2375"]
[PlyCount "71"]
[EventDate "2006.04.20"]
[EventType "team"]
[EventRounds "11"]
[EventCountry "RUS"]
[SourceTitle "EXT 2007"]
[Source "ChessBase"]
[SourceDate "2006.11.23"]
[SourceVersion "1"]
[SourceVersionDate "2006.11.23"]
[SourceQuality "1"]

1. e4 c5 2. Nc3 Nc6 3. g3 g6 4. Bg2 Bg7 5. f4 d6 6. Nf3 e6 7. 0-0 Nge7 8. d3 0-0 9. Bd2 Rb8 10. Rb1 b5 11. a3 a5 12. a4 b4 13. Nb5 d5 14. c4 dxc4 15. dxc4 Qd3 16. Re1 Bb7 17. Be3 Rfd8 18. Qxd3 Rxd3 19. Bxc5 Rbd8 20. Kf2 Nc8 21. Bf1 R3d7 22. e5 Bf8 23. Bxf8 Kxf8 24. Ng5 Rd2+ 25. Re2 Ke7 26. Nxh7 Rxe2+ 27. Bxe2 Rh8 28. Nf6 Rxh2+ 29. Ke3 Nb6 30. Rd1 b3 31. Rd6 g5 32. fxg5 Rg2 33. g4 Ba8 34. Nc7 Bb7 35. g6 fxg6 36. c5 1-0

[Event "Chigorin Memorial 13th"]
[Site "St Petersburg"]
[Date "2005.10.20"]
[Round "6"]
[White "Slizhevsky, Alexander"]
[Black "Bachin, Vitaly"]
[Result "1/2-1/2"]
[WhiteElo "2422"]
[BlackElo "2500"]
[PlyCount "40"]
[EventDate "2005.10.15"]
[EventType "swiss"]
[EventRounds "9"]
[EventCountry "RUS"]
[SourceTitle "CBM 108 Extra"]
[Source "ChessBase"]
[SourceDate "2005.11.04"]
[SourceVersion "1"]
[SourceVersionDate "2005.11.04"]
[SourceQuality "1"]

1. e4 c6 2. d4 d5 3. Nc3 dxe4 4. Nxe4 Nd7 5. Ng5 Ngf6 6. Bd3 e6 7. N1f3 Bd6 8. Qe2 h6 9. Ne4 Nxe4 10. Qxe4 Qc7 11. 0-0 b6 12. Qg4 Kf8 13. b3 Bb7 14. Bb2 Nf6 15. Qh4 c5 16. dxc5 Qxc5 17. Bd4 Qa5 18. Bxf6 gxf6 19. Be4 Bxe4 20. Qxe4 Kg7 1/2-1/2

[Event "RUS-chT 12th"]
[Site "Sochi"]
[Date "2005.04.23"]
[Round "5"]
[White "Bachin, Vitaly"]
[Black "Motylev, Alexander"]
[Result "0-1"]
[WhiteElo "2510"]
[BlackElo "2680"]
[PlyCount "114"]
[EventDate "2005.04.19"]
[EventType "team-tourn"]
[EventRounds "11"]
[EventCountry "RUS"]
[SourceTitle "EXT 2020"]
[Source "ChessBase"]
[SourceDate "2019.10.17"]
[SourceVersion "1"]
[SourceVersionDate "2019.10.17"]
[SourceQuality "1"]
[WhiteTeam "Vladivostok Debiut-DVGU"]
[BlackTeam "Sverdlovsk Ural region"]
[WhiteTeamCountry "RUS"]
[BlackTeamCountry "RUS"]

1. e4 c5 2. Nc3 Nc6 3. g3 g6 4. Bg2 Bg7 5. d3 d6 6. f4 e5 7. Nf3 Nge7 8. Be3 Nd4 9. h3 b5 10. 0-0 b4 11. Nd5 Nxd5 12. exd5 Nxf3+ 13. Qxf3 0-0 14. Rab1 f5 15. a4 exf4 16. Bxf4 g5 17. Bd2 Bd7 18. b3 Qf6 19. Rbe1 Rae8 20. Qd1 Qg6 21. Bf3 g4 22. Bh1 Rxe1 23. Qxe1 Re8 24. Qd1 h5 25. Bf4 Bc3 26. Kh2 Qf6 27. h4 Bc8 28. Bg2 Kh7 29. Bd2 Qe5 30. Bf4 Qf6 31. Bd2 Qe5 32. Bf4 Qe7 33. Qc1 a5 34. Bd2 Bxd2 35. Qxd2 Qe3 36. Qd1 Kg6 37. Qa1 Qd2 38. Rd1 Qe3 39. Rf1 Re5 40. c3 Qxd3 41. cxb4 axb4 42. Qc1 Qe3 43. Qc4 Qd2 44. Qb5 Re2 45. Rg1 f4 46. Qb8 f3 47. Qxd6+ Be6 48. Kh1 Qxd5 49. Qf8 Rxg2 50. Rxg2 fxg2+ 51. Kh2 Qd4 52. Qe8+ Bf7 53. Qc6+ Kg7 54. Qxg2 Bxb3 55. a5 Bd5 56. Qe2 Qe4 57. Qf1 Qf3 0-1

[Event "RUS-chT 12th"]
[Site "Sochi"]
[Date "2005.04.20"]
[Round "2"]
[White "Dolmatov, Sergey"]
[Black "Bachin, Vitaly"]
[Result "1/2-1/2"]
[WhiteElo "2569"]
[BlackElo "2510"]
[PlyCount "74"]
[EventDate "2005.04.19"]
[EventType "team-tourn"]
[EventRounds "11"]
[EventCountry "RUS"]
[SourceTitle "EXT 2020"]
[Source "ChessBase"]
[SourceDate "2019.10.17"]
[SourceVersion "1"]
[SourceVersionDate "2019.10.17"]
[SourceQuality "1"]
[WhiteTeam "Samara Termosteps"]
[BlackTeam "Vladivostok Debiut-DVGU"]
[WhiteTeamCountry "RUS"]
[BlackTeamCountry "RUS"]

1. e4 c6 2. d4 d5 3. Nd2 dxe4 4. Nxe4 Nd7 5. Ng5 Ngf6 6. Bd3 e6 7. N1f3 Bd6 8. Qe2 h6 9. Ne4 Nxe4 10. Qxe4 Nf6 11. Qe2 Qc7 12. Bd2 b6 13. 0-0-0 Bb7 14. Kb1 0-0-0 15. c4 c5 16. Bc3 Rhe8 17. Rhe1 Nh5 18. g3 Nf6 19. Bc2 Qc6 20. dxc5 Bxc5 21. Ne5 Qc7 22. f4 Rxd1+ 23. Rxd1 Rd8 24. Rxd8+ Kxd8 25. g4 Ne8 26. g5 hxg5 27. fxg5 g6 28. h4 Bd6 29. Ba4 Ng7 30. Qd3 Nf5 31. c5 bxc5 32. Qb5 Be4+ 33. Ka1 Kc8 34. Qe8+ Kb7 35. Nxf7 Be7 36. Be5 Bc6 37. Nd8+ Bxd8 1/2-1/2